Porušenie arbitráže medzi EUR a USD a obchodná bilania SR

Normalizácia vývojových tendencií kurzov SKK/EUR, SKK/USD a USD/EUR. Vývoj vývozu a dovozu v SR. Analýza vplyvu EUR a USD na obchodnú bilanciu v rokoch 1999 a 2000.

Gespeichert in:
Bibliographische Detailangaben
1. Verfasser: Ivaničová, Zlatica
Format: Buchkapitel
Sprache:Slowakisch
Schlagworte:
Tags: Tag hinzufügen
Keine Tags, Fügen Sie das erste Tag hinzu!

MARC

LEADER 00000naa$a2200000$$$4500
001 0019877
005 20220606115825.5
041 0 |a slo 
044 |a SK 
245 1 0 |a Porušenie arbitráže medzi EUR a USD a obchodná bilania SR  |c Zlatica Ivaničová 
520 |a Normalizácia vývojových tendencií kurzov SKK/EUR, SKK/USD a USD/EUR. Vývoj vývozu a dovozu v SR. Analýza vplyvu EUR a USD na obchodnú bilanciu v rokoch 1999 a 2000. 
610 2 0 |a euro 
610 2 0 |a dolár 
610 2 0 |a koruna 
610 2 0 |a normalizácia 
610 2 0 |a kurz menový 
610 2 0 |a arbitráž menová 
610 2 0 |a trh devízový 
610 2 0 |a bilancia obchodná 
610 2 0 |a Slovensko 
610 2 0 |a 1999-2000 
100 1 |a Ivaničová, Zlatica